| 000 | 03134nam a22005057a 4500 | ||
|---|---|---|---|
| 007 | cr | ||
| 008 | 250808b20241227ag |||||oz||| 00| 0 spa d | ||
| 020 | _a9786319081596 | ||
| 040 |
_cAR-FvUNAJ _dAR-FvUNAJ _eaacr2 |
||
| 041 | _aspa | ||
| 100 | 1 |
_914641 _aNievas, Mariela _eCoord. |
|
| 245 | 1 | 0 |
_aExperiencias de vinculación e investigación en el primer nivel de atención desde una perspectiva interdisciplinaria / _cCoordinadora Mariela Nievas |
| 260 |
_aFlorencio Varela : _bUniversidad Nacional Arturo Jauretche, _c2024 |
||
| 300 |
_a219 p. : _bDigital |
||
| 490 |
_aObras colectivas sobre resultados. Avances de investigación / Patricio Narodowski _v8 |
||
| 520 | 3 | _a Esta obra refleja el compromiso de la carrera de Licenciatura en Enfermería de la Universidad Nacional Arturo Jauretche (UNAJ) con la promoción y prevención de la salud en las comunidades locales, particularmente en la atención a la niñez. A través de experiencias de vinculación e investigación, se destacan las acciones llevadas a cabo por estudiantes, docentes y profesionales en colaboración con las familias y la comunidad. El libro ofrece una mirada profunda sobre la salud infantil, abordando temas clave como el control del desarrollo, la salud mental, la inmunización y la enfermería escolar. También explora la investigación interdisciplinaria en el primer nivel de atención, destacando estudios sobre enfermedades no transmisibles, factores de riesgo en gestantes e inseguridad alimentaria. Una obra destinada a visibilizar la producción de conocimiento y fortalecer el rol de la enfermería en la mejora del bienestar integral de la niñez y las familias, promoviendo un enfoque de cuidado integral y participación activa en la comunidad. | |
| 540 |
_aEsta obra está bajo una Licencia Creative Commons Argentina. Atribución - Compartir Igual 2.5 Argentina (CC BY-SA 2.5 AR) _uhttps://creativecommons.org/licenses/by-sa/2.5/ar/ |
||
| 650 | 2 | 7 |
_2decs _97 _aENFERMERIA |
| 650 | 2 | 7 |
_2decs _9140 _aATENCION PRIMARIA DE SALUD |
| 653 | 2 | 0 | _aNiñez |
| 700 | 1 |
_915389 _aBarboza, Martha |
|
| 700 | 1 |
_921800 _aBarbeito-Andrés, Jimena |
|
| 700 | 1 |
_921801 _aBonfili, Noelia Sabrina |
|
| 700 | 1 |
_914599 _aCuence, Jorge |
|
| 700 | 1 |
_921821 _aDeplante, Paola Angela |
|
| 700 | 1 |
_919454 _aDomancich, Norma |
|
| 700 | 1 |
_921822 _aGarnis, María Lara |
|
| 700 | 1 |
_96880 _aGonzález, Paula N. |
|
| 700 | 1 |
_914635 _aLarrieur, María de los Ángeles |
|
| 700 | 1 |
_921823 _aLlano, Raúl Ariel |
|
| 700 | 1 |
_921824 _aMansilla, Sonia Eva |
|
| 700 | 1 |
_921825 _aMiño, Gabriela |
|
| 700 | 1 |
_915575 _aMiño, Silvia Patricia |
|
| 700 | 1 |
_914569 _aNoguera, Carlos |
|
| 700 | 1 |
_921826 _aPachado, María |
|
| 700 | 1 |
_921827 _aQuiroga, Sandra Noemí |
|
| 700 | 1 |
_921828 _aRayen Masarich, Abril |
|
| 700 | 1 |
_914570 _aRodríguez, Silvia |
|
| 700 | 1 |
_921829 _aVillalba, Alicia Alejandra |
|
| 700 | 1 |
_921830 _aYegros, Karina |
|
| 830 |
_920784 _aObras Colectivas Sobre Resultados : Avances de Investigación _v8 |
||
| 856 |
_qapplication/pdf _uhttps://rid.unaj.edu.ar/handle/123456789/3029 |
||
| 942 |
_2ddc _cLIBRO DIGI |
||
| 999 |
_c11057 _d11057 |
||
| 980 |
_620072 _a Matías Regueira _820072 _g Matías Regueira |
||